1655 1964 1867 1933 1463 1152 1282 1348 1648 1547 1014 1367 1872 1882 1143 1653 1149 1920 1263 1242 1798 1885 1330 1187 1618 1235 1195 1763 1872 1969 1625 1814 1236 1790 1586 1226 1426 1464 1343 1734 1386 1592 1572 1648 1000 1459 1237 1398 1006 1973 1220 1976 1309 1402 1090 1613 1104 1058 1560 1120 1322 1185 1852 1032 1773 1450 1204 1639 1865 1165 1177 1433 1983 1959 1197 1103 1657 1078 1874 1366 1116 1639 1241 1834 1318 1061 1776 1777 1986 1300 1814 1702 1693 1979 1891 1212 1160 1327 1128 BCNSPRNW ULIB Ver.6.0+V

เปลี่ยนเป็นภาษาไทย

Change to English
 แสดงรายละเอียดบรรณานุกรม
  กลับหน้าหลัก

Brief Record : Get Marc (ISO 2709) : E-mail record : QR code < ปิดหน้าต่าง
LEADER : 00000nam 2200000uu 4500
001    13399111604
003     ULIB
008    110627s||||||||th 000 0 tha d
020    9786167081366
090    นว.^bi111ท 2553
100 0  irgendwann im november
245 00 ทะเลรักลวงใจ/^cirgendwann im november
250    พิมพ์ครั้งที่ 1
260    กรุงเทพฯ :^bสมาร์ทบุ๊ค,^c2553
300    416 หน้า
945    ^p260^l0^i028908
945    ^p260^l0^i028072
995    ทศพร
999 ^a ใช้งานได้ทุกระบบ
รายการนี้ยังไม่มีแท็ก
คุณยังไม่ได้ล็อกอิน คุณสามารถมีกิจกรรมร่วมกับเว็บไซต์ได้ แต่ต้องล็อกอินก่อน ::
  ล็อกอิน

รายการสื่อสารสนเทศ

ลำดับที่ ประเภท เลขเรียก/บาร์โค้ด สถานที่ สถานะ
1. นวนิยาย
นวนิยาย
นว. i111ท 2553 ฉ.1 
  Barcode: 028072
ห้องสมุดวิทยาเขตสวรรค์ประชารักษ์
►นวนิยาย
บนชั้น
  ขอยืม
2. นวนิยาย
นวนิยาย
นว. i111ท 2553 ฉ.2 
  Barcode: 028908
ห้องสมุดวิทยาเขตสวรรค์ประชารักษ์
►นวนิยาย
บนชั้น
  ขอยืม

BibComment


ยังไม่เคยถูกคอมเมนท์

คอมเมนท์ทรัพยากรรายการนี้
  คอมเมนท์: ทะเลรักลวงใจ irge..


 Copyright 2026. Bcnsprnw @Library